| 000 | 00363nam a2200145Ia 4500 | ||
|---|---|---|---|
| 008 | 150201s2004 xx 000 0 und d | ||
| 082 |
_a617.525 _bP2004C |
||
| 100 | _aCRAIG, DAVID | ||
| 245 | _aPRACTICAL CONSCIOUS SEDATION | ||
| 250 | _a1ST | ||
| 260 |
_bQUINTESSENCE PUBLICATION _aCHICAGO _c2004 |
||
| 300 | _a1-132 | ||
| 650 | _aORAL SURGERY | ||
| 942 |
_2ddc _cBK |
||
| 999 |
_c4583 _d4583 |
||